ARRUPE JESUIT UNIVERSITY

CORONAVIRUS -STOP THE SPREAD - CLEAN,DISINFECT,COVER

Interacting stories : (Record no. 129307)

MARC details
000 -LEADER
fixed length control field 01232cam a2200349 a 4500
001 - CONTROL NUMBER
control field 3567843
003 - CONTROL NUMBER IDENTIFIER
control field ARRUPE
005 - DATE AND TIME OF LATEST TRANSACTION
control field 20190329103954.0
008 - FIXED-LENGTH DATA ELEMENTS--GENERAL INFORMATION
fixed length control field 971009s1997 enk b 001 0 eng d
010 ## - LIBRARY OF CONGRESS CONTROL NUMBER
LC control number 98150406
020 ## - INTERNATIONAL STANDARD BOOK NUMBER
International Standard Book Number 1855750953
035 ## - SYSTEM CONTROL NUMBER
System control number (OCoLC)37770539
040 ## - CATALOGING SOURCE
Original cataloging agency DNLM
Transcribing agency DNLM
Modifying agency DLC
042 ## - AUTHENTICATION CODE
Authentication code lccopycat
050 00 - LIBRARY OF CONGRESS CALL NUMBER
Classification number RC488.5
Item number .D333 1997
060 00 - NATIONAL LIBRARY OF MEDICINE CALL NUMBER
Classification number 1997 H-527
060 10 - NATIONAL LIBRARY OF MEDICINE CALL NUMBER
Classification number WM 430.5.F2
Item number D147i 1997
082 00 - DEWEY DECIMAL CLASSIFICATION NUMBER
Classification number 616.89/156
Edition number 21
300 ## - PHYSICAL DESCRIPTION
Dimensions 23 cm.
100 1# - MAIN ENTRY--PERSONAL NAME
Personal name Dallos, Rudi,
Dates associated with a name 1948-
9 (RLIN) 45543
245 10 - TITLE STATEMENT
Title Interacting stories :
Remainder of title narratives, family beliefs, and therapy /
Statement of responsibility, etc Rudi Dallos ; foreword by Arlene Vetere.
260 ## - PUBLICATION, DISTRIBUTION, ETC. (IMPRINT)
Place of publication, distribution, etc London :
Name of publisher, distributor, etc Karnac Books,
Date of publication, distribution, etc 1997.
300 ## - PHYSICAL DESCRIPTION
Extent xv, 237 p. ;
440 #0 - SERIES STATEMENT/ADDED ENTRY--TITLE
Title Systemic thinking and practice series
9 (RLIN) 45544
504 ## - BIBLIOGRAPHY, ETC. NOTE
Bibliography, etc Includes bibliographical references (p. 221-229) and index.
650 #0 - SUBJECT ADDED ENTRY--TOPICAL TERM
Topical term or geographic name as entry element Family psychotherapy.
9 (RLIN) 45329
650 12 - SUBJECT ADDED ENTRY--TOPICAL TERM
Topical term or geographic name as entry element Family Therapy.
9 (RLIN) 45545
906 ## - LOCAL DATA ELEMENT F, LDF (RLIN)
a 7
b cbc
c copycat
d 2
e ncip
f 19
g y-gencatlg
942 ## - ADDED ENTRY ELEMENTS (KOHA)
Source of classification or shelving scheme Library of Congress Classification
Koha item type Monograph ( Printed materials)
Holdings
Withdrawn status Lost status Source of classification or shelving scheme Damaged status Not for loan Collection code Home library Current library Shelving location Date acquired Total Checkouts Full call number Barcode Date last seen Price effective from Koha item type
    Library of Congress Classification     Main Collection ARRUPE LIBRARY ARRUPE LIBRARY Main Collection 29/03/2019   RC488.5 .D333 1997 46600004380 29/03/2019 29/03/2019 Monograph ( Printed materials)

 

Arrupe Library. PO Box MP320 Mt Pleasant, Harare, Zimbabwe
263 242 745411|librarian@aju.ac.zw